[Event "Finik op"]
[Site "Finik"]
[Date "2017.06.14"]
[Round "6"]
[White "Yusufoglu, Cemil"]
[Black "Oktaroglu, Sila"]
[Result "1-0"]
[WhiteElo "1758"]
[BlackElo "1235"]
[PlyCount "111"]
[EventDate "2017.06.10"]
[EventType "swiss"]
[EventRounds "7"]
[EventCountry "TUR"]
[SourceTitle "EXT 2018"]
[Source "ChessBase"]
[SourceDate "2017.10.13"]
[SourceVersion "1"]
[SourceVersionDate "2017.10.13"]
[SourceQuality "1"]

1. e4 c5 2. Nf3 d6 3. d4 cxd4 4. Nxd4 Nf6 5. Nc3 g6 6. Bb5+ Bd7 7. Bxd7+ Nbxd7 8. 0-0 Bg7 9. Re1 0-0 10. Bg5 Qb6 11. Rb1 h6 12. Be3 Qd8 13. h3 Ne5 14. Qc1 Kh7 15. b3 Nc6 16. Nf3 Nd7 17. Nd5 e6 18. Nf4 Nf6 19. Bd2 Qc7 20. c4 Nd7 21. Nd3 b6 22. a4 Nc5 23. Nxc5 bxc5 24. Be3 Nb4 25. Qd2 Rad8 26. Bf4 Qc6 27. Qe2 Rfe8 28. e5 d5 29. Rbc1 d4 30. Red1 Rd7 31. Rd2 Red8 32. Ne1 g5 33. Bg3 f5 34. exf6 Bxf6 35. Nd3 Nxd3 36. Qxd3+ Kg7 37. Re1 Re8 38. Be5 Rf7 39. Rde2 Ref8 40. f3 Re8 41. Re4 a5 42. Rg4 Ref8 43. h4 Bxe5 44. Rxe5 Rf5 45. Ree4 R8f6 46. Qd2 Qb6 47. hxg5 hxg5 48. Rxg5+ Rxg5 49. Qxg5+ Kf7 50. Rh4 e5 51. Rh7+ Ke8 52. Qxe5+ Kd8 53. Qe7+ Kc8 54. Rh8+ Rf8 55. Rxf8+ Qd8 56. Rxd8# 1-0

[Event "Finik op"]
[Site "Finik"]
[Date "2017.06.11"]
[Round "2"]
[White "Yusufoglu, Cemil"]
[Black "Avci, Adem"]
[Result "1-0"]
[WhiteElo "1758"]
[BlackElo "1826"]
[PlyCount "57"]
[EventDate "2017.06.10"]
[EventType "swiss"]
[EventRounds "7"]
[EventCountry "TUR"]
[SourceTitle "EXT 2018"]
[Source "ChessBase"]
[SourceDate "2017.10.13"]
[SourceVersion "1"]
[SourceVersionDate "2017.10.13"]
[SourceQuality "1"]

1. e4 e6 2. d4 d5 3. exd5 exd5 4. Nf3 Bd6 5. Nc3 c6 6. h3 Bf5 7. Bd3 Ne7 8. 0-0 Bxd3 9. Qxd3 Nd7 10. Re1 Qc7 11. Ng5 h6 12. Nf3 0-0-0 13. a3 g5 14. b4 Rdg8 15. b5 g4 16. hxg4 Rxg4 17. bxc6 bxc6 18. Rb1 Rhg8 19. Qa6+ Kd8 20. Rb7 Rxg2+ 21. Kf1 Qc8 22. Qxa7 Nf5 23. Na4 Nf6 24. Nb6 Rxf2+ 25. Kxf2 Ng4+ 26. Ke2 Ng3+ 27. Kd2 Bf4+ 28. Kc3 Ne4+ 29. Rxe4 1-0